| 000 -LEADER |
| fixed length control field |
01367 a2200337 4500 |
| 003 - CONTROL NUMBER IDENTIFIER |
| control field |
OSt |
| 005 - DATE AND TIME OF LATEST TRANSACTION |
| control field |
20180116192356.0 |
| 008 - FIXED-LENGTH DATA ELEMENTS--GENERAL INFORMATION |
| fixed length control field |
120606t xxu||||| |||| 00| 0 eng d |
| 010 ## - LIBRARY OF CONGRESS CONTROL NUMBER |
| LC control number |
2001021130 |
| 020 ## - INTERNATIONAL STANDARD BOOK NUMBER |
| International Standard Book Number |
0691070636 (PB) |
| 040 ## - CATALOGING SOURCE |
| Transcribing agency |
0 |
| 082 00 - DEWEY DECIMAL CLASSIFICATION NUMBER |
| Classification number |
332.042 |
| 100 1# - MAIN ENTRY--PERSONAL NAME |
| Personal name |
Sassen, Saskia. |
| 9 (RLIN) |
4205 |
| 245 14 - TITLE STATEMENT |
| Title |
The global city : |
| Remainder of title |
New York, London, Tokyo / |
| Statement of responsibility, etc. |
Saskia Sassen. |
| 250 ## - EDITION STATEMENT |
| Edition statement |
2nd ed. |
| 260 ## - PUBLICATION, DISTRIBUTION, ETC. |
| Place of publication, distribution, etc. |
Princeton, N.J. : |
| Name of publisher, distributor, etc. |
Princeton University Press, |
| Date of publication, distribution, etc. |
c2001. |
| 300 ## - PHYSICAL DESCRIPTION |
| Extent |
xxvi, 447 p. ; |
| Dimensions |
24 cm. |
| 500 ## - GENERAL NOTE |
| General note |
Reissue of the edition published in 1991. |
| 650 #0 - SUBJECT ADDED ENTRY--TOPICAL TERM |
| Topical term or geographic name entry element |
Financial services industry |
| Geographic subdivision |
New York (State) |
| -- |
New York. |
| 9 (RLIN) |
4206 |
| 650 #0 - SUBJECT ADDED ENTRY--TOPICAL TERM |
| Topical term or geographic name entry element |
Financial services industry |
| Geographic subdivision |
Japan |
| -- |
Tokyo. |
| 9 (RLIN) |
4207 |
| 650 #0 - SUBJECT ADDED ENTRY--TOPICAL TERM |
| Topical term or geographic name entry element |
Financial services industry |
| Geographic subdivision |
England |
| -- |
London. |
| 9 (RLIN) |
4208 |
| 650 #0 - SUBJECT ADDED ENTRY--TOPICAL TERM |
| Topical term or geographic name entry element |
International finance. |
| 9 (RLIN) |
4209 |
| 650 #0 - SUBJECT ADDED ENTRY--TOPICAL TERM |
| Topical term or geographic name entry element |
International economic relations. |
| 9 (RLIN) |
4210 |
| 651 #0 - SUBJECT ADDED ENTRY--GEOGRAPHIC NAME |
| Geographic name |
New York (N.Y.) |
| General subdivision |
Economic conditions. |
| 9 (RLIN) |
4211 |
| 651 #0 - SUBJECT ADDED ENTRY--GEOGRAPHIC NAME |
| Geographic name |
Tokyo (Japan) |
| General subdivision |
Economic conditions. |
| 9 (RLIN) |
4212 |
| 651 #0 - SUBJECT ADDED ENTRY--GEOGRAPHIC NAME |
| Geographic name |
London (England) |
| General subdivision |
Economic conditions. |
| 9 (RLIN) |
4213 |
| 856 41 - ELECTRONIC LOCATION AND ACCESS |
| Materials specified |
Table of contents |
| Uniform Resource Identifier |
<a href="http://www.loc.gov/catdir/toc/prin031/2001021130.html">http://www.loc.gov/catdir/toc/prin031/2001021130.html</a> |
| 856 41 - ELECTRONIC LOCATION AND ACCESS |
| Materials specified |
Publisher description |
| Uniform Resource Identifier |
<a href="http://www.loc.gov/catdir/description/prin022/2001021130.html">http://www.loc.gov/catdir/description/prin022/2001021130.html</a> |
| 942 ## - ADDED ENTRY ELEMENTS (KOHA) |
| Institution code [OBSOLETE] |
SADA |
| Koha item type |
Book |
| Call number prefix |
332.042 SAS 2001 |
| Source of classification or shelving scheme |
|